| 000 | 00548pab a2200181 454500 | ||
|---|---|---|---|
| 008 | 180718b2002 xxu||||| |||| 00| 0 eng d | ||
| 100 | _aSundar, Ramamani | ||
| 245 | _aMorbidity and utilisation of health care services: a survey of urban poor in Delhi and Chennai | ||
| 260 | _c2002 | ||
| 300 | _ap.4729-740. | ||
| 362 | _a23 Nov | ||
| 650 | _aUrban poor - India - Delhi | ||
| 650 | _aHealth services - India - Delhi | ||
| 650 | _aHealth services | ||
| 700 | _asharma, Abhilasha | ||
| 773 | _aEconomic and Political Weekly | ||
| 909 | _a54625 | ||
| 999 |
_c54625 _d54625 |
||